| 000 | 00793nam a2200217 i 4500 | ||
|---|---|---|---|
| 001 | 98349 | ||
| 003 | ES-MaACL | ||
| 005 | 20240424162731.0 | ||
| 007 | t| | ||
| 008 | 050728s1975 sp ||||1| spa d | ||
| 080 | _a860(729.1)-821"18" | ||
| 100 | 1 |
_aMartí, José, _d1853-1895 _977189 |
|
| 245 | 1 | 0 |
_aProsa escogida / _cJosé Martí ; selección, introducción y notas, José Olivio Jiménez. |
| 260 |
_aMadrid : _bE.M.E.S.A., _c1975. |
||
| 300 |
_a256 p. ; _c18 cm. |
||
| 490 | 1 |
_aNovelas y cuentos. Literatura hispano-americana. Clásicos siglo XIX ; _v165 |
|
| 700 | 0 |
_aJiménez, José Olivio, _d1926-2003 _966415 |
|
| 830 | 1 |
_aNovelas y cuentos. Literatura hispano-americana. Clásicos siglo XIX ; _v165 _9232330 |
|
| 852 |
_aES-MaACL _jE-8048 |
||
| 999 |
_c98349 _d98349 |
||